Niektoré skúsenosti k uplatňovaniu novej úpravy o kúpeľnej starostlivosti

Bibliographic Details
Main Author: Kövér, František (Author)
Format: Article
Language:Slovak
Subjects:

MARC

LEADER 00000nab a2200000 a 4500
001 vtls000042984
003 SK-MaSNL
005 20260304172054.0
008 111103c1979 xo 0 slo
015 |a SNBRB19rr/mm-uuuuu 
035 |a CL0053079 
040 |a SNKBUCL  |b slo  |c SNKBUCL  |e AACR2 
041 0 |a slo 
044 |a xo  |c SK 
080 |a 361/362  |2 1981 
100 1 |a Kövér, František  |4 aut  |9 268840 
245 1 0 |a Niektoré skúsenosti k uplatňovaniu novej úpravy o kúpeľnej starostlivosti  |c František Kövér 
650 0 7 |a kúpeľná starostlivosť  |2 snkbucl  |9 1142 
655 7 |a články z novín a časopisov  |2 snkbucl  |9 267496 
773 0 |t Národné poistenie  |g Č. 9 (1979), s. 3-4 
850 |a Slovenská národná knižnica v Martine  |a MTA001 
852 |a SNK  |b KIS3GCP 
958 |a RK 
992 |a RBX 
999 |c 2996449  |d 2998379